High performance liquid chromatography in enzymatic analysis : (Record no. 69157)
[ view plain ]
| 000 -LEADER | |
|---|---|
| fixed length control field | 00852nam a2200253 a 4500 |
| 001 - CONTROL NUMBER | |
| control field | 69157 |
| 003 - CONTROL NUMBER IDENTIFIER | |
| rucl marc code | BD-RjUL |
| 005 - DATE AND TIME OF LATEST TRANSACTION | |
| control field | 20211209081844.0 |
| 008 - FIXED-LENGTH DATA ELEMENTS--GENERAL INFORMATION | |
| fixed length control field | 170410s1987 nyua b 001 0 eng |
| 020 ## - INTERNATIONAL STANDARD BOOK NUMBER | |
| International Standard Book Number | 0471879592 |
| 035 ## - SYSTEM CONTROL NUMBER | |
| System control number | (BD-RjUL)69368 |
| 040 ## - CATALOGING SOURCE | |
| Original cataloging agency | DLC |
| Transcribing agency | DLC |
| Modifying agency | BD-RjUL |
| Language of cataloging | eng |
| 041 ## - LANGUAGE CODE | |
| Language code of text/sound track or separate title | eng |
| 082 00 - DEWEY DECIMAL CLASSIFICATION NUMBER | |
| Classification number | 572.7 |
| Edition number | 23 |
| Author mark and year | ROH 1987 |
| 100 1# - MAIN ENTRY--PERSONAL NAME | |
| Personal name | Rossomando, Edward F. |
| 9 (RLIN) | 204891 |
| 245 10 - TITLE STATEMENT | |
| Title | High performance liquid chromatography in enzymatic analysis : |
| Remainder of title | applications to the assay of enzymatic activity / |
| Statement of responsibility, etc. | Edward F. Rossomando. |
| 260 ## - PUBLICATION, DISTRIBUTION, ETC. (IMPRINT) | |
| Place of publication, distribution, etc. | New York : |
| Name of publisher, distributor, etc. | Wiley, |
| Date of publication, distribution, etc. | c1987. |
| 300 ## - PHYSICAL DESCRIPTION | |
| Pagination | xv, 253 p. : |
| Illustrations | ill. ; |
| Size | 24 cm. |
| 500 ## - GENERAL NOTE | |
| General note | "A Wiley-Interscience publication." |
| 504 ## - BIBLIOGRAPHY, ETC. NOTE | |
| Bibliography, etc | Includes bibliographies and indexes. |
| 650 #0 - SUBJECT ADDED ENTRY--TOPICAL TERM | |
| Topical term or geographic name as entry element | Enzymatic analysis. |
| 9 (RLIN) | 204892 |
| Topical term or geographic name as entry element | High performance liquid chromatography. |
| 9 (RLIN) | 204893 |
| 942 ## - ADDED ENTRY ELEMENTS (KOHA) | |
| Source of classification or shelving scheme | Dewey Decimal Classification |
| Koha item type | Books |
| Lost status | Source of classification or shelving scheme | Damaged status | Not for loan | Collection code | Permanent Location | Current Location | Shelving location | Date acquired | Source of acquisition | Total Checkouts | Full call number | Date last seen | Copy number | Koha item type |
|---|---|---|---|---|---|---|---|---|---|---|---|---|---|---|
| Dewey Decimal Classification | Not For Loan | Non-fiction | Central Library, University of Rajshahi | Central Library, University of Rajshahi | Reading Room | 30/05/1991 | Asia Foundation | 572.7 ROH 1987 | 10/04/2017 | C-1 | Books |